[Event "GER-ch Net qual4 U14"]
[Site "Playchess.com INT"]
[Date "2012.09.12"]
[Round "4"]
[White "Hartogh, Christian"]
[Black "Auerbach, Florian"]
[Result "1-0"]
[WhiteElo "1571"]
[BlackElo "964"]
[PlyCount "37"]
[EventDate "2012.09.12"]
[EventType "swiss (blitz)"]
[EventRounds "7"]
[EventCountry "GER"]
[SourceTitle "CBM 150 Extra"]
[Source "ChessBase"]
[SourceDate "2012.10.19"]
[SourceVersion "1"]
[SourceVersionDate "2012.10.19"]
[SourceQuality "1"]

1. e4 e5 2. Nf3 Nc6 3. Bc4 Nh6 4. d3 Bc5 5. 0-0 d6 6. Nc3 Bg4 7. h3 Bxf3 8. Qxf3 Nd4 9. Qh5 Qe7 10. Nd5 Qe6 11. Nxc7+ Kd8 12. Nxe6+ fxe6 13. Bxh6 gxh6 14. Qxh6 Ne2+ 15. Kh1 Kc7 16. Qxe6 Rae8 17. Qf7+ Kd8 18. Bb5 Ref8 19. Qd7# 1-0

[Event "GER-ch Net qual4 U14"]
[Site "Playchess.com INT"]
[Date "2012.09.12"]
[Round "1"]
[White "Mueller, Sophie Elisabeth"]
[Black "Auerbach, Florian"]
[Result "1-0"]
[WhiteElo "1433"]
[BlackElo "980"]
[PlyCount "41"]
[EventDate "2012.09.12"]
[EventType "swiss (blitz)"]
[EventRounds "7"]
[EventCountry "GER"]
[SourceTitle "CBM 150 Extra"]
[Source "ChessBase"]
[SourceDate "2012.10.19"]
[SourceVersion "1"]
[SourceVersionDate "2012.10.19"]
[SourceQuality "1"]

1. c4 e5 2. Nc3 Bb4 3. Nf3 Nc6 4. d3 Nge7 5. g3 Ng6 6. Bg2 d6 7. a3 Bxc3+ 8. bxc3 Bg4 9. 0-0 Qd7 10. a4 0-0-0 11. a5 a6 12. Be3 Bh3 13. Qb3 Bxg2 14. Kxg2 Rhe8 15. Rfb1 Nxa5 16. Rxa5 b6 17. Rxa6 e4 18. dxe4 Rxe4 19. Rba1 Kb7 20. Ra7+ Kc6 21. Qb5# 1-0

[Event "GER-ch Net qual4 U14"]
[Site "Playchess.com INT"]
[Date "2012.09.12"]
[Round "7"]
[White "Muetsch, Annmarie"]
[Black "Auerbach, Florian"]
[Result "1-0"]
[WhiteElo "1074"]
[BlackElo "978"]
[PlyCount "53"]
[EventDate "2012.09.12"]
[EventType "swiss (blitz)"]
[EventRounds "7"]
[EventCountry "GER"]
[SourceTitle "CBM 150 Extra"]
[Source "ChessBase"]
[SourceDate "2012.10.19"]
[SourceVersion "1"]
[SourceVersionDate "2012.10.19"]
[SourceQuality "1"]

1. e4 e5 2. Nf3 Nc6 3. Bc4 b6 4. Ng5 Qxg5 5. 0-0 Nf6 6. d3 Nd4 7. Bxg5 h6 8. Bxf6 gxf6 9. Bd5 Rb8 10. Nc3 Bb7 11. Bxb7 Rxb7 12. a4 Rg8 13. Qh5 Nxc2 14. Rae1 Nxe1 15. Rxe1 a6 16. g3 d6 17. Qf5 Be7 18. Qh7 b5 19. Qxg8+ Bf8 20. axb5 axb5 21. Re3 b4 22. Nd5 Ra7 23. Nxf6+ Ke7 24. Rf3 Ra1+ 25. Kg2 Rb1 26. Nh7 Rxb2 27. Qxf8+ 1-0